Vocabulaire des cours d'eau - Statistiques

Statistiques générales
  • Ce quiz a été pris 298 fois
  • Le résultat moyen est 16 sur 32
Statistiques - réponses
Indice Réponse % Correct
voie d'eau artificielle construite pour la navigation canal
88%
cours d'eau à débit moyen ou modéré rivière
88%
se jette dans la mer fleuve
87%
chute d'eau cascade
84%
cours d'eau qui se jette dans un autre cours d'eau en général plus important affluent
80%
petit filet d'eau s'écoulant de la source. ru
79%
le côté d’où vient un cours d’eau (de la montagne), en direction de la source amont
78%
côté vers lequel descend un cours d'eau (vers la vallée), dans le sens du courant aval
78%
espace occupé par un cours d'eau lit
71%
zone où se déposent des alluvions et qui divise un fleuve en plusieurs bras. delta
69%
lieu où l'eau sort source
69%
montée du niveau des eaux crue
68%
petit cours d'eau peu profond à débit modéré ruisseau
65%
quantité de l'eau qui s'écoule dans un temps donné débit
61%
endroit où un fleuve se jette dans la mer embouchure
54%
cours d'eau de montagne caractérisé par une forte pente, un débit rapide et irrégulier. torrent
52%
rivage, rive berge
51%
barrage muni de portes et de vannes servant à lâcher ou retenir l'eau des rivières. écluse
51%
nappe d'eau souterraine nappe phréatique
49%
point de rencontre de deux ou plusieurs cours d'eau confluent
47%
sinuosité décrite par un cours d'eau méandre
44%
mélange de matières organiques et de terre qui forme un dépôt au fond de l'eau vase
44%
Submersion des terrains avoisinant le lit mineur d'un cours d'eau inondation
37%
bande de terre qui borde une étendue d'eau douce rive
34%
cours d'eau temporaire d'Afrique du nord oued
30%
des Pyrénées - Pau gave
28%
chemin situé sur les rebords d'une rivière. Il sert de passage aux hommes et aux animaux chemin de halage
17%
canal servant à amener l'eau de la mer jusque dans les marais salants étier
16%
petit filet d'eau sans importance rigole
11%
cours d’eau formé par la pluie, dont le trajet n’est pas bien défini et qui se perd sur la terre. endoréique
3%
cours d’eau formé par la pluie, dont le trajet n’est pas bien défini et qui s’écoule directement dans la mer exoréique
2%
petit lit creusé par un ruisseau ravine
2%
Aucun quiz correspondant
Distribution des résultats
% des personnes avec chaque résultat
Percentile par nombre de réponses
Votre historique - résultats
Vous n’avez pas pris ce quiz